<?xml version="1.0" encoding="UTF-8"?>
<record
    xmlns:xsi="http://www.w3.org/2001/XMLSchema-instance"
    xsi:schemaLocation="http://www.loc.gov/MARC21/slim http://www.loc.gov/standards/marcxml/schema/MARC21slim.xsd"
    xmlns="http://www.loc.gov/MARC21/slim">

  <leader>00588    a2200145   4500</leader>
  <controlfield tag="005">20250514122250.0</controlfield>
  <controlfield tag="008">250514b        |||||||| |||| 00| 0 eng d</controlfield>
  <datafield tag="020" ind1=" " ind2=" ">
    <subfield code="a">9788184984385</subfield>
  </datafield>
  <datafield tag="041" ind1=" " ind2=" ">
    <subfield code="a">Marathi</subfield>
  </datafield>
  <datafield tag="100" ind1=" " ind2=" ">
    <subfield code="a">Harding G</subfield>
    <subfield code="9">211113</subfield>
  </datafield>
  <datafield tag="245" ind1=" " ind2=" ">
    <subfield code="a">&#x939;&#x947;&#x930;&#x917;&#x93F;&#x930;&#x940;&#x91A;&#x93E; &#x92A;&#x94B;&#x930;&#x916;&#x947;&#x933;</subfield>
    <subfield code="b">: &#x92A;&#x940;&#x91F;&#x930;&#x91A;&#x94D;&#x92F;&#x93E; &#x906;&#x917;&#x94D;&#x930;&#x939;&#x93E;&#x92E;&#x941;&#x933;&#x947; &#x938;&#x941;&#x930;&#x941; &#x91D;&#x93E;&#x932;&#x947;&#x932;&#x93E; &#x938;&#x94D;&#x92A;&#x93E;&#x92F; &#x917;&#x947;&#x92E; &#x905;&#x916;&#x947;&#x930; &#x925;&#x93E;&#x902;&#x92C;&#x932;&#x93E; &#x92A;&#x923; &#x90F;&#x915; &#x935;&#x93F;&#x932;&#x915;&#x94D;&#x937;&#x923; &#x938;&#x924;&#x94D;&#x92F;&#x93E;&#x92A;&#x93E;&#x936;&#x940; </subfield>
  </datafield>
  <datafield tag="260" ind1=" " ind2=" ">
    <subfield code="b">Mehta Publishing House</subfield>
    <subfield code="c">2012</subfield>
  </datafield>
  <datafield tag="300" ind1=" " ind2=" ">
    <subfield code="a">229</subfield>
  </datafield>
  <datafield tag="942" ind1=" " ind2=" ">
    <subfield code="c">BK</subfield>
  </datafield>
  <datafield tag="999" ind1=" " ind2=" ">
    <subfield code="c">364828</subfield>
    <subfield code="d">364828</subfield>
  </datafield>
  <datafield tag="952" ind1=" " ind2=" ">
    <subfield code="0">0</subfield>
    <subfield code="1">0</subfield>
    <subfield code="2">ddc</subfield>
    <subfield code="4">0</subfield>
    <subfield code="7">0</subfield>
    <subfield code="a">CCEP</subfield>
    <subfield code="b">CCEP</subfield>
    <subfield code="d">2025-01-23</subfield>
    <subfield code="e">63</subfield>
    <subfield code="g">180.00</subfield>
    <subfield code="l">1</subfield>
    <subfield code="o">891.463 HAR</subfield>
    <subfield code="p">CCEP-BK-68054</subfield>
    <subfield code="r">2025-05-19 00:00:00</subfield>
    <subfield code="s">2025-05-14</subfield>
    <subfield code="v">240.00</subfield>
    <subfield code="w">2025-01-23</subfield>
    <subfield code="y">BK</subfield>
  </datafield>
</record>
